Statistics for Country by Photo of its Leader #1

Click here to take the quiz!

General Stats

  • This quiz has been taken 16,099 times
    (16,053 since last reset)
  • The average score is 12 of 16

Answer Stats

Answer % Correct
Russia
100%
United States
99%
China
97%
Germany
96%
Saudi Arabia
93%
United Kingdom
92%
Canada
92%
France
91%
Japan
86%
India
80%
Iran
77%
Turkey
55%
Brazil
39%
Spain
36%
Egypt
31%
Mexico
16%

Score Distribution

Percentile by Number Answered

Percent of People with Each Score

Your Score History

You have not taken this quiz since the last reset